5 Biggest Cities in Albania - Statistics

General Stats
  • This quiz has been taken 10 times
  • The average score is 3 of 5
Answer Stats
Population City % Correct
389,323 Tirana
100%
101,728 Durrës
88%
66,320 Vlorë
75%
66,834 Elbasan
50%
61,739 Kamëz
25%
No matching quizzes found
Score Distribution
Percent of People with Each Score
Percentile by Number Answered
Your Score History
You have not taken this quiz